000
00318nam a2200121 a 4500
005
20140414131926.0
008
101027s19uu xx 00 eng d
050
_a
ER
_b
R84 1999
100
_a
Richards, Kitty
245
_a
Rugrats: Lights, camera, Dil!.
260
_b
Scholastic ,
_c
1999.
_a
New York :
999
_c
112039
_d
112039